College Quizbowl Stats
College Quizbowl Stats
Circuits
Seasons
Sets
Records
Detailed Stats
About
Loading...
2024 ACF Winter at Brandeis
Tossups
Bonuses
Players
Teams
Categories (Tossup)
Categories (Bonus)
Jem
Yale B
Categories
Category
Powers
Gets
Negs
BBs
Points
Earliest Buzz
Avg. Buzz
First Buzzes
Top 3 Buzzes
Fine Arts - Visual Fine Arts
0
1
0
0
10
47
47.00
0
1
Literature - World/Other Literature
0
1
0
0
10
86
86.00
0
1
Other Academic
0
1
0
0
10
95
95.00
0
0
Fine Arts - Other Fine Arts
0
0
1
0
-5
0.00
0
0
Buzzes
Category
Answer
Value
Buzz Position
Fine Arts - Visual Fine Arts
quilts
10
47
Literature - World/Other Literature
Buendía
10
86
Fine Arts - Other Fine Arts
Sugar Plum Fairy
-5
86
Other Academic
footnotes
10
95
Previous
1
Next